000
00306nam a2200121Ia 4500
005
20251222141815.0
008
251222s9999||||xx |||||||||||||| ||spa||
082
_a
515.8/L16
100
_a
Lages Lima, Elon
245
0
_a
Análisis Real
264
_b
Instituto de Matemética y Ciencias Afines
942
_c
LIB
999
_c
6597
_d
6597